00420nam a2200133 450000500170000000800020001704000680001908200150008710000180010224500300012026000340015030000850018465000170026920260417230651.0- aBiblioteca LadoV TeoréticacBiblioteca LadoV Teoréticaerda04a741bT626a1 aTlaseca, Erik10aAntro /cpor Erik Tlaseca 1aMéxico : bTaller XD,c2023 a99 páginas :bdibujos en blanco y negro y fotografías a color ;c26 x 18 cm. 4aARTE MODERNO